Gospodarka turystyczna wybrane zagadnienia jej funkcjonowania

Salvato in:
Dettagli Bibliografici
Natura: Libro
Lingua:polacco
Pubblicazione: Wroclaw Wydawnictwo Akademii Ekonomicznej im. Oskara Langego we Wroclawiu 1999
Serie:Prace naukowe nr. 839
Soggetti:
Tags: Aggiungi Tag
Nessun Tag, puoi essere il primo ad aggiungerne!!

MARC

LEADER 00000nam a2200000 4500
001 c123180
005 20240223082921.3
022 |a 0324-8445 
041 0 |a pol 
044 |a PL 
245 1 0 |a Gospodarka turystyczna  |b wybrane zagadnienia jej funkcjonowania  |c [redaktor naukowy: Andrzej Rapacz] 
264 1 |a Wroclaw  |b Wydawnictwo Akademii Ekonomicznej im. Oskara Langego we Wroclawiu  |c 1999 
300 |a 115 s. 
490 1 |a Prace naukowe  |v nr. 839 
830 0 |a Prace naukowe  |v nr. 839 
610 2 0 |a turistika 
610 2 0 |a ruch cestovný 
610 2 0 |a regióny 
610 2 0 |a služby 
610 2 0 |a hotelierstvo 
610 2 0 |a riadenie 
610 2 0 |a marketing 
610 2 0 |a investície 
610 2 0 |a systémy informačné 
610 2 0 |a komunikácia 
610 2 0 |a Poľsko